El código de Hammurabi (Record no. 20376)

MARC details
000 -LEADER
campo de control de longitud fija 01120nam a2200277 i 4500
001 - NÚMERO DE CONTROL
campo de control 20376
003 - IDENTIFICADOR DE NÚMERO DE CONTROL
campo de control ES-MaACL
005 - FECHA Y HORA DE LA ÚLTIMA TRANSACCIÓN
campo de control 20251118151306.0
008 - DATOS DE LONGITUD FIJA--INFORMACIÓN GENERAL
campo de control de longitud fija 180828s2016 sp |||| | spa d
020 ## - NÚMERO INTERNACIONAL ESTÁNDAR DEL LIBRO
Número Internacional Estándar del Libro 978-84-9946-429-9
080 ## - NÚMERO DE LA CLASIFICACIÓN DECIMAL UNIVERSAL
Número de la Clasificación Decimal Universal 34(354)(094.5)
100 0# - ENTRADA PRINCIPAL--NOMBRE DE PERSONA
Nombre de persona Hammurabi
Títulos y otros términos asociados al nombre Rey de Babilonia.
9 (RLIN) 154218
245 13 - MENCIÓN DEL TÍTULO
Título El código de Hammurabi
Resto del título : edición bilingüe en escritura cuneiforme /
Mención de responsabilidad, etc. José María Martínez Cantalapiedra.
250 ## - MENCION DE EDICION
Mención de edición 1ª ed.
260 ## - PUBLICACIÓN, DISTRIBUCIÓN, ETC.
Lugar de publicación, distribución, etc. Madrid :
Nombre del editor, distribuidor, etc. Edición Personal,
Fecha de publicación, distribución, etc. 2016.
300 ## - DESCRIPCIÓN FÍSICA
Extensión 325 p. ;
Dimensiones 30 cm.
504 ## - NOTA DE BIBLIOGRAFÍA, ETC.
Nota de bibliografía, etc. Bibliografía: p. [325]
546 ## - NOTA DE IDIOMA
Nota de lengua/lenguaje Código en texto cuneiforme y transcripción en acadio; traducción y estudio en español.
650 #7 - PUNTO DE ACCESO ADICIONAL DE MATERIA--TÉRMINO DE MATERIA
Término de materia o nombre geográfico como elemento de entrada Derecho asirio-babilónico
Fuente del encabezamiento o término embne
9 (RLIN) 154219
700 1# - ENTRADA AGREGADA--NOMBRE PERSONAL
Nombre de persona Martínez Cantalapiedra, José María,
Fechas asociadas al nombre 1944-
9 (RLIN) 165360
852 ## - LOCALIZACIÓN
Ubicación ES-MaACL
Número de control de estantería A-14214
itemnumber 21065
Sublocalización o colección R.151550
Ubicación en estantería Depósito 1
Signatura antigua Olim: N-7214
Donativo/Legado Donación: José María Martinez Cantalapiedra
903 ## - NOMBRE PERSONAL DE DONANTE
a Martínez Cantalapiedra, José María,
d 1944-
e Donante
9 165360
942 ## - ELEMENTOS DE ENTRADA SECUNDARIOS (KOHA)
Fuente del sistema de clasificación o colocación Clasificación decimal universal
Tipo de ítem Koha Libro impreso
Holdings
Estatus retirado Estado de pérdida Fuente del sistema de clasificación o colocación Estado de daño No para préstamo Biblioteca de origen Biblioteca actual Ubicación en estantería Fecha de adquisición Fuente de adquisición Total de préstamos Signatura topográfica completa Código de barras Visto por última vez Precio de reemplazo Tipo de ítem Koha
    Clasificación decimal universal     Biblioteca del Ateneo de Madrid Biblioteca del Ateneo de Madrid Depósito 1 17/01/2008 Compra   A-14214 1020899 23/02/2023 23/02/2023 Libro impreso